000 00411nam a22001697a 4500
003 MPLRDC
005 20220104142639.0
008 210129b ||||| |||| 00| 0 eng d
082 _a448.6 CON
100 _aF.R.康纳著
245 _a电子器件
_c
260 _a
_b科学出版社
_c1985
300 _b
490 _a无线电技术与通信专题介绍丛书
650 _a
942 _cBK
_o448.6 CON
999 _c32574
_d32564